Statistiken für Geboren in Salzburg

Klicken Sie hier um das Quiz zu spielen!

Allgemein

  • Dieses Quiz wurde 35 mal gespielt
    (11 seit der letzten Aktualisierung)
  • Das Durchschnittsergebnis liegt bei 5 aus 14

Antwortstatistiken

HinweisAntwort% Korrekt
Komponistin und ältere Schwester des berühmtesten Sohn der Stadt1751Maria Anna Mozart
82%
einer der berühmtesten Komponisten der Welt, u.a "Die Zauberflöte"1756Wolfgang Amadeus Mozart
82%
kontroverser Base-Jumper und Extremsportler, berühmt durch seinen Stratosphärensprung1969Felix Baumgartner
55%
Physiker, bekannt für den Doppler-Effekt1803Christian Doppler
45%
Fußballtrainer (Eintracht Frankfurt, VfL Wolfsburg, LASK und Ried)1974Oliver Glasner
45%
Formel 1 Fahrer, er verunglückte 1994 beim Qualifying zum Großen Preis von San Marino1960Roland Ratzenberger
36%
ÖVP-Politiker und Landeshauptmann von Salzburg seit 20131956Wilfried Haslauer jr.
36%
ÖVP-Politiker und Landeshauptmann von Salzburg von 1977 bis 19891926Wilfried Haslauer sr.
36%
ehemaliger Fußballnationaltorwart (Arsenal, Juventus, Florenz und Augsburg)1977Alexander Manninger
27%
einer der bekanntesten und bedeutendsten Dirigenten des 20. Jahrhunderts1908Herbert von Karajan
18%
Kapitän der Fußballnationalmannschaft, FC Augsburg1988Julian Baumgartlinger
18%
Skispringer und Olympiasieger mit der Mannschaft1993Daniel Huber
9%
Regisseur, "Die Beste aller Welten"1991Adrian Goiginger
0%
ÖVP-Politikerin und als erste Frau österreichische Außenministerin1948Benita Ferrero-Waldner
0%

Verteilung der Resultate

Perzentil nach korrekt beantworteten Fragen

Anzahl Personen mit jedem Resultat

Ihre Resultats-Entwicklung

Sie haben dieses Quiz seit der letzten Aktualisierung nicht gespielt